Epitres / (Record no. 172698)

MARC details
000 -LEADER
campo de control de longitud fija 00718nam a22002175i 4500
001 - NÚMERO DE CONTROL
campo de control 172698
003 - IDENTIFICADOR DE NÚMERO DE CONTROL
campo de control ES-MaACL
005 - FECHA Y HORA DE LA ÚLTIMA TRANSACCIÓN
campo de control 20230906215017.0
008 - DATOS DE LONGITUD FIJA--INFORMACIÓN GENERAL
campo de control de longitud fija 090827s1934 fr |||| | fre d
080 ## - NÚMERO DE LA CLASIFICACIÓN DECIMAL UNIVERSAL
Número de la Clasificación Decimal Universal 821.124-1"00"
100 1# - ENTRADA PRINCIPAL--NOMBRE DE PERSONA
Nombre de persona Horacio Flaco, Quinto.
9 (RLIN) 64182
245 10 - MENCIÓN DEL TÍTULO
Título Epitres /
Mención de responsabilidad, etc. Horace ; texte établi et traduit par François Villaneuve.
260 ## - PUBLICACIÓN, DISTRIBUCIÓN, ETC.
Lugar de publicación, distribución, etc. Paris :
Nombre del editor, distribuidor, etc. Société d'Édition "Les Belles Lettres",
Fecha de publicación, distribución, etc. 1934.
300 ## - DESCRIPCIÓN FÍSICA
Extensión 252 p. ;
Dimensiones 21 cm.
490 1# - MENCIÓN DE SERIE
Mención de serie Collection des Universites de France
546 ## - NOTA DE IDIOMA
Nota de lengua/lenguaje Texto en latín y francés.
700 1# - ENTRADA AGREGADA--NOMBRE PERSONAL
Nombre de persona Villeneuve, François.
9 (RLIN) 115249
830 0# - PUNTO DE ACCESO ADICIONAL DE SERIE-TÍTULO UNIFORME
Título uniforme Collection des Universites de France
9 (RLIN) 180876
852 ## - LOCALIZACIÓN
Ubicación ES-MaACL
Número de control de estantería C-7847
Holdings
Estatus retirado Estado de pérdida Estado de daño No para préstamo Biblioteca de origen Biblioteca actual Ubicación en estantería Fecha de adquisición Fuente de adquisición Total de préstamos Signatura topográfica completa Código de barras Visto por última vez Precio de reemplazo Tipo de ítem Koha
        Biblioteca del Ateneo de Madrid Biblioteca del Ateneo de Madrid Sala Palomar 27/08/2009     C-7847 1181228 23/02/2023 23/02/2023 Libro impreso